[Event "SG Turm Raesfeld/Erle 2 - Südlohner SV"]
[Site "Regionalliga, Gr. 2 2022/2023"]
[Date "2022.11.05"]
[Round "3.1"]
[White "Kolakovic, Klaudio"]
[Black "Greifenberg, Daniel"]
[Result "1-0"]
[WhiteElo "2060"]
[BlackElo "2080"]
[PlyCount "73"]
[EventDate "2022.??.??"]
[SourceTitle "Verband Muensterland"]
[SourceDate "2022.09.15"]
[SourceVersion "1"]
[SourceVersionDate "2022.09.15"]
[SourceQuality "1"]
[WhiteTeam "Südlohner SV 1"]
[BlackTeam "SG Turm Raesfeld/Erle 2"]

1. e4 c5 2. Nf3 Nc6 3. c4 g6 4. Nc3 Bg7 5. d3 d6 6. Be3 Bg4 7. Be2 e6 8. h3
Bxf3 9. Bxf3 Nge7 10. O-O O-O 11. Qd2 Nd4 12. Bd1 f5 13. Bxd4 Bxd4 14. Ne2 Bf6
15. Rb1 Nc6 16. Ba4 Nd4 17. Nxd4 Bxd4 18. exf5 Rxf5 19. Rbe1 Qe7 20. Kh1 Raf8
21. f3 Be5 22. Re4 Kg7 23. Qe2 h5 24. b4 b6 25. bxc5 bxc5 26. Bc2 Qg5 27. Qe1
d5 28. cxd5 exd5 29. Ra4 R5f7 30. d4 Bxd4 31. Ra6 Bf6 32. f4 Qh6 33. Qa5 c4 34.
Qxd5 Rc7 35. Qa5 Rff7 36. Rxf6 Kxf6 37. Qe5# 1-0

[Event "SG Turm Raesfeld/Erle 2 - Südlohner SV"]
[Site "Regionalliga, Gr. 2 2022/2023"]
[Date "2022.11.05"]
[Round "3.2"]
[White "Tuente, Marcel"]
[Black "Teloeken, Andreas"]
[Result "0-1"]
[WhiteElo "1845"]
[BlackElo "2033"]
[PlyCount "74"]
[EventDate "2022.??.??"]
[SourceTitle "Verband Muensterland"]
[SourceDate "2022.09.15"]
[SourceVersion "1"]
[SourceVersionDate "2022.09.15"]
[SourceQuality "1"]
[WhiteTeam "SG Turm Raesfeld/Erle 2"]
[BlackTeam "Südlohner SV 1"]

1. e4 c6 2. d4 d5 3. e5 Bf5 4. h4 h5 5. Bd3 Bxd3 6. Qxd3 e6 7. Nf3 Nd7 8. O-O
Ne7 9. Bg5 Qb6 10. Nbd2 Nf5 11. c4 a5 12. a3 a4 13. b4 axb3 14. c5 Qa6 15. Qxb3
b6 16. cxb6 Rb8 17. Qc2 c5 18. a4 Rxb6 19. Rfc1 c4 20. Nb1 Bb4 21. Bd2 O-O 22.
Bxb4 Rxb4 23. Nc3 Ra8 24. Nxd5 exd5 25. Qxf5 Nf8 26. Qxh5 Rxa4 27. Rxa4 Qxa4
28. Ng5 Qd7 29. Qf3 Rb8 30. Rc3 Rb5 31. h5 Qb7 32. Qe3 Rb3 33. Nf3 Qb4 34. Rxb3
cxb3 35. Qc1 b2 36. Qb1 Qc3 37. Ne1 Qc1 0-1

[Event "SG Turm Raesfeld/Erle 2 - Südlohner SV"]
[Site "Regionalliga, Gr. 2 2022/2023"]
[Date "2022.11.05"]
[Round "3.3"]
[White "Funke, Reinhard"]
[Black "Terhart, Juergen"]
[Result "1/2-1/2"]
[WhiteElo "2009"]
[BlackElo "1816"]
[PlyCount "44"]
[EventDate "2022.??.??"]
[SourceTitle "Verband Muensterland"]
[SourceDate "2022.09.15"]
[SourceVersion "1"]
[SourceVersionDate "2022.09.15"]
[SourceQuality "1"]
[WhiteTeam "Südlohner SV 1"]
[BlackTeam "SG Turm Raesfeld/Erle 2"]

1. d4 c5 2. Nf3 d5 3. g3 Bf5 4. Bg2 Nf6 5. O-O e6 6. b3 Bd6 7. Bb2 h6 8. Nbd2
O-O 9. c4 Ne4 10. Ne1 Nxd2 11. Qxd2 Nd7 12. Nd3 Qe7 13. f3 Nf6 14. Rae1 Bxd3
15. Qxd3 e5 16. e4 dxe4 17. fxe4 exd4 18. e5 Bxe5 19. Qf5 Rfe8 20. Bc1 Qe6 21.
Qd3 Qd7 22. Rf5 Qc7 1/2-1/2

[Event "SG Turm Raesfeld/Erle 2 - Südlohner SV"]
[Site "Regionalliga, Gr. 2 2022/2023"]
[Date "2022.11.05"]
[Round "3.5"]
[White "Hater, Wolfgang"]
[Black "Fasselt, Hendrik"]
[Result "1/2-1/2"]
[WhiteElo "1994"]
[BlackElo "1830"]
[PlyCount "80"]
[EventDate "2022.??.??"]
[SourceTitle "Verband Muensterland"]
[SourceDate "2022.09.15"]
[SourceVersion "1"]
[SourceVersionDate "2022.09.15"]
[SourceQuality "1"]
[WhiteTeam "Südlohner SV 1"]
[BlackTeam "SG Turm Raesfeld/Erle 2"]

1. e4 d5 2. e5 c5 3. Nf3 Bg4 4. h3 Bxf3 5. Qxf3 e6 6. Bb5+ Nc6 7. O-O Qc7 8.
Bxc6+ Qxc6 9. c3 Ne7 10. d4 Ng6 11. Re1 Be7 12. Nd2 cxd4 13. cxd4 O-O 14. Qg4
Rfe8 15. Nf3 Bb4 16. Re2 Rac8 17. Be3 Qc4 18. Ne1 Qc7 19. h4 Bf8 20. h5 Ne7 21.
a3 Nf5 22. Bg5 h6 23. Bd2 Kh7 24. Rd1 Qc4 25. Be3 Qb3 26. Rd3 Qb6 27. Qf3 Rc4
28. Red2 Rec8 29. g4 Nxe3 30. Rxe3 Rxd4 31. Rxd4 Qxd4 32. Qxf7 Qxg4+ 33. Ng2
Rc1+ 34. Kh2 Qf5 35. Rf3 Qxe5+ 36. Nf4 Qe4 37. Nxe6 Bd6+ 38. Kg2 Qg4+ 39. Rg3
Bxg3 40. Nf8+ Kh8 1/2-1/2

[Event "SG Turm Raesfeld/Erle 2 - Südlohner SV"]
[Site "Regionalliga, Gr. 2 2022/2023"]
[Date "2022.11.05"]
[Round "3.6"]
[White "Boelker, Franz"]
[Black "Wittek, Felix"]
[Result "1-0"]
[WhiteElo "1810"]
[BlackElo "1562"]
[PlyCount "49"]
[EventDate "2022.??.??"]
[SourceTitle "Verband Muensterland"]
[SourceDate "2022.09.15"]
[SourceVersion "1"]
[SourceVersionDate "2022.09.15"]
[SourceQuality "1"]
[WhiteTeam "SG Turm Raesfeld/Erle 2"]
[BlackTeam "Südlohner SV 1"]

1. d4 Nf6 2. c4 g6 3. Nc3 Bg7 4. g3 d6 5. Bg2 Nc6 6. e3 O-O 7. Nge2 e5 8. O-O
Bf5 9. h3 exd4 10. exd4 Re8 11. Be3 Ne4 12. Rc1 Nxc3 13. Nxc3 Nb4 14. a3 Nd3
15. g4 Nxc1 16. gxf5 gxf5 17. Qxc1 Qh4 18. Nd5 Rac8 19. Rd1 Kh8 20. Bg5 Qh5 21.
Ne7 Rxe7 22. Bxe7 f6 23. c5 Qe8 24. Re1 Qd7 25. c6 1-0

[Event "SG Turm Raesfeld/Erle 2 - Südlohner SV"]
[Site "Regionalliga, Gr. 2 2022/2023"]
[Date "2022.11.05"]
[Round "3.7"]
[White "Sparwel, Oliver"]
[Black "Kadenbach, Wolfgang"]
[Result "1-0"]
[WhiteElo "1922"]
[BlackElo "1736"]
[PlyCount "65"]
[EventDate "2022.??.??"]
[SourceTitle "Verband Muensterland"]
[SourceDate "2022.09.15"]
[SourceVersion "1"]
[SourceVersionDate "2022.09.15"]
[SourceQuality "1"]
[WhiteTeam "Südlohner SV 1"]
[BlackTeam "SG Turm Raesfeld/Erle 2"]

1. d4 Nf6 2. Nf3 d5 3. c4 e6 4. Nc3 c5 5. Bg5 cxd4 6. Nxd4 Be7 7. e3 O-O 8.
cxd5 exd5 9. Bd3 Bg4 10. f3 Be6 11. O-O h6 12. Bh4 a6 13. Rc1 Nbd7 14. Bf5 Bxf5
15. Nxf5 Nb6 16. Qd4 Rc8 17. Nxe7+ Qxe7 18. Qxb6 Rc6 19. Qd4 g5 20. Bf2 Rfc8
21. Rcd1 Qe6 22. Rd2 b5 23. Rfd1 Rc4 24. Qd3 b4 25. Nxd5 Nxd5 26. Qxd5 Qf6 27.
e4 Rc2 28. Rxc2 Rxc2 29. Bd4 Qf4 30. Qd8+ Kh7 31. Qh8+ Kg6 32. Qg7+ Kh5 33. g4+
1-0

[Event "SG Turm Raesfeld/Erle 2 - Südlohner SV"]
[Site "Regionalliga, Gr. 2 2022/2023"]
[Date "2022.11.05"]
[Round "3.8"]
[White "Suer, Julian"]
[Black "Albersmann, Rene"]
[Result "1-0"]
[WhiteElo "1754"]
[BlackElo "1596"]
[PlyCount "55"]
[EventDate "2022.??.??"]
[SourceTitle "Verband Muensterland"]
[SourceDate "2022.09.15"]
[SourceVersion "1"]
[SourceVersionDate "2022.09.15"]
[SourceQuality "1"]
[WhiteTeam "SG Turm Raesfeld/Erle 2"]
[BlackTeam "Südlohner SV 1"]

1. e4 e5 2. Nf3 Nc6 3. Bc4 Bc5 4. b4 Bb6 5. c3 d6 6. Qb3 Qe7 7. d3 h6 8. Be3
Bxe3 9. fxe3 Nf6 10. O-O Be6 11. Nbd2 O-O 12. Qc2 Bxc4 13. Nxc4 d5 14. exd5
Nxd5 15. b5 Nb8 16. Nfxe5 Nxe3 17. Nxe3 Qxe5 18. Nf5 Qxb5 19. Ne7+ Kh7 20. d4+
f5 21. Nxf5 g6 22. Ne7 Rxf1+ 23. Rxf1 Qe8 24. Nxg6 Kg7 25. Ne5 Nc6 26. Rf7+
Qxf7 27. Nxf7 Kxf7 28. Qh7+ 1-0

[Event "SK Dülmen 1 - TV Borken 1"]
[Site "Regionalliga, Gr. 2 2022/2023"]
[Date "2022.11.05"]
[Round "3.1"]
[White "Schulze Schwering, Philipp"]
[Black "Eiersbrock, Robin"]
[Result "1/2-1/2"]
[WhiteElo "2037"]
[BlackElo "2068"]
[PlyCount "81"]
[EventDate "2022.??.??"]
[SourceTitle "Verband Muensterland"]
[SourceDate "2022.09.15"]
[SourceVersion "1"]
[SourceVersionDate "2022.09.15"]
[SourceQuality "1"]
[WhiteTeam "TV Borken 1"]
[BlackTeam "SK Dülmen 1"]

1. d4 Nf6 2. Nf3 g6 3. g3 Bg7 4. Bg2 O-O 5. O-O d5 6. c4 c6 7. b3 Bf5 8. Bb2
Qb6 9. Qc1 Nbd7 10. Nc3 Ne4 11. e3 Rac8 12. Rd1 Rfd8 13. Ne1 Ndf6 14. Ne2 dxc4
15. f3 Nd6 16. e4 Be6 17. e5 cxb3 18. exd6 Rxd6 19. Qc5 Qa6 20. Nf4 Nd7 21. Qc1
bxa2 22. Nxe6 fxe6 23. Bf1 b5 24. Qc2 c5 25. Qb3 c4 26. Qxa2 Qxa2 27. Rxa2 c3
28. Ba3 Bxd4+ 29. Kg2 Bc5 30. Rxd6 exd6 31. Bxb5 Ne5 32. Bxc5 Rxc5 33. Bd3 Rd5
34. Be2 a5 35. Kf2 Nc6 36. Ke3 Nb4 37. Ra1 Re5+ 38. Kf2 Rd5 39. Ke3 Re5+ 40.
Kf2 Rd5 41. Ke3 1/2-1/2

[Event "SK Dülmen 1 - TV Borken 1"]
[Site "Regionalliga, Gr. 2 2022/2023"]
[Date "2022.11.05"]
[Round "3.2"]
[White "Grund, Wolfgang"]
[Black "Schroer, Klaus"]
[Result "0-1"]
[WhiteElo "1916"]
[BlackElo "1982"]
[PlyCount "88"]
[EventDate "2022.??.??"]
[SourceTitle "Verband Muensterland"]
[SourceDate "2022.09.15"]
[SourceVersion "1"]
[SourceVersionDate "2022.09.15"]
[SourceQuality "1"]
[WhiteTeam "SK Dülmen 1"]
[BlackTeam "TV Borken 1"]

1. e4 Nc6 2. d4 e5 3. d5 Nce7 4. c4 Ng6 5. Be3 Nf6 6. Nc3 Bb4 7. Bd3 O-O 8.
Nge2 d6 9. h3 Bd7 10. Qb3 a5 11. O-O Nh5 12. a3 Bxc3 13. Qxc3 Qh4 14. Kh2 Nhf4
15. Bxf4 exf4 16. Nd4 Ne5 17. Be2 b6 18. Nf3 Nxf3+ 19. Qxf3 a4 20. Rac1 Rfe8
21. Rc3 Re5 22. g4 fxg3+ 23. fxg3 Qxh3+ 24. Kg1 f6 25. Rf2 Qh6 26. Rh2 Qg6 27.
Re3 Rae8 28. Rh4 h6 29. Qh1 Qg5 30. Kf2 f5 31. Bd3 Rf8 32. Rf4 fxe4 33. Rexe4
Rxf4+ 34. Rxf4 Bf5 35. Qf3 Bg6 36. Rf8+ Kh7 37. Rf4 Bxd3 38. Qxd3+ Qg6 39. Qd1
Qe8 40. Qd3+ Qg6 41. Qd1 Kg8 42. Kg2 Re3 43. Rf3 Qe4 44. Qf1 g5 0-1

[Event "SK Dülmen 1 - TV Borken 1"]
[Site "Regionalliga, Gr. 2 2022/2023"]
[Date "2022.11.05"]
[Round "3.3"]
[White "Farwick, Christian"]
[Black "Loedding, Detlef"]
[Result "1/2-1/2"]
[WhiteElo "1905"]
[BlackElo "1916"]
[PlyCount "68"]
[EventDate "2022.??.??"]
[SourceTitle "Verband Muensterland"]
[SourceDate "2022.09.15"]
[SourceVersion "1"]
[SourceVersionDate "2022.09.15"]
[SourceQuality "1"]
[WhiteTeam "TV Borken 1"]
[BlackTeam "SK Dülmen 1"]

1. d4 Nf6 2. Bf4 g6 3. e3 Bg7 4. Nd2 d6 5. c3 O-O 6. Ngf3 Nbd7 7. Qc2 Re8 8.
Bc4 c6 9. h3 b5 10. Be2 Qb6 11. O-O Bb7 12. a4 e5 13. dxe5 dxe5 14. Bh2 a6 15.
Rfd1 Rac8 16. Ne4 Nxe4 17. Rxd7 Nc5 18. a5 Qa7 19. Rd2 Qb8 20. Rad1 Re7 21. b4
Na4 22. Rd7 Rce8 23. c4 Qc8 24. Rxe7 Rxe7 25. c5 Qe8 26. Qd2 h6 27. e4 Bc8 28.
Qc1 Rd7 29. Kf1 Qe6 30. Rxd7 Bxd7 31. Qd2 g5 32. Ne1 f6 33. Bg4 Qc4+ 34. Be2
Qe6 1/2-1/2

[Event "SK Dülmen 1 - TV Borken 1"]
[Site "Regionalliga, Gr. 2 2022/2023"]
[Date "2022.11.05"]
[Round "3.4"]
[White "Koetting, Hans Erich"]
[Black "Boldrick, Marcel"]
[Result "0-1"]
[WhiteElo "1882"]
[BlackElo "1721"]
[PlyCount "45"]
[EventDate "2022.??.??"]
[SourceTitle "Verband Muensterland"]
[SourceDate "2022.09.15"]
[SourceVersion "1"]
[SourceVersionDate "2022.09.15"]
[SourceQuality "1"]
[WhiteTeam "SK Dülmen 1"]
[BlackTeam "TV Borken 1"]

1. d4 Nf6 2. Nf3 d5 3. Bf4 c5 4. e3 Nc6 5. c3 Qb6 6. Qb3 c4 7. Qxb6 axb6 8. Be2
Bf5 9. Nbd2 h6 10. h3 b5 11. O-O Nd7 12. g4 Bh7 13. Rfc1 e6 14. Bg3 Nb6 15. Bd1
b4 16. b3 bxc3 17. Rxc3 Bb4 18. Rcc1 Ba3 19. bxc4 Bxc1 20. Rxc1 Nxc4 21. Nxc4
dxc4 22. Rxc4 Rxa2 23. Ba4 0-1

[Event "SK Dülmen 1 - TV Borken 1"]
[Site "Regionalliga, Gr. 2 2022/2023"]
[Date "2022.11.05"]
[Round "3.5"]
[White "Klueppel, Ralf"]
[Black "Gehlen, Horst"]
[Result "0-1"]
[WhiteElo "1767"]
[BlackElo "1739"]
[PlyCount "112"]
[EventDate "2022.??.??"]
[SourceTitle "Verband Muensterland"]
[SourceDate "2022.09.15"]
[SourceVersion "1"]
[SourceVersionDate "2022.09.15"]
[SourceQuality "1"]
[WhiteTeam "TV Borken 1"]
[BlackTeam "SK Dülmen 1"]

1. d4 d5 2. Nf3 Nf6 3. e3 c5 4. b3 Bg4 5. Bb2 e6 6. Nbd2 Nc6 7. Be2 Bd6 8. O-O
O-O 9. a3 Rc8 10. Rc1 Qe7 11. dxc5 Bxc5 12. b4 Bd6 13. c4 b6 14. Qb3 Ne4 15.
Qd1 Rfd8 16. cxd5 exd5 17. h3 Bf5 18. Bb5 Ne5 19. Ba6 Rxc1 20. Qxc1 Ng5 21.
Bxe5 Nxf3+ 22. Nxf3 Bxe5 23. Nxe5 Qxe5 24. Rd1 h5 25. Rd4 Rd7 26. Qd2 Rc7 27.
Bd3 Be6 28. Be2 Qg5 29. Kh2 Qf5 30. Bd3 Qe5+ 31. Kg1 g5 32. Be2 g4 33. hxg4 h4
34. f4 Qf6 35. Bf3 h3 36. f5 Bc8 37. gxh3 Qh4 38. Qg2 Qe1+ 39. Kh2 Qxe3 40. Rd2
Qf4+ 41. Kg1 Rc1+ 42. Bd1 Bb7 43. Qf2 Qe4 44. Qd4 Qf3 45. Kh2 Qf1 46. Be2 Qh1+
47. Kg3 Rg1+ 48. Kh4 Qh2 49. Qe3 Qd6 50. Qg5+ Kf8 51. Qe3 Rg2 52. Bb5 Qf6+ 53.
Kh5 Qh8+ 54. Kg5 f6+ 55. Kg6 Qg7+ 56. Kh5 Qh7+ 0-1

[Event "SK Dülmen 1 - TV Borken 1"]
[Site "Regionalliga, Gr. 2 2022/2023"]
[Date "2022.11.05"]
[Round "3.6"]
[White "Stegemann, Norbert"]
[Black "Schmidt, Sebastian"]
[Result "1-0"]
[WhiteElo "1839"]
[BlackElo "1664"]
[PlyCount "71"]
[EventDate "2022.??.??"]
[SourceTitle "Verband Muensterland"]
[SourceDate "2022.09.15"]
[SourceVersion "1"]
[SourceVersionDate "2022.09.15"]
[SourceQuality "1"]
[WhiteTeam "SK Dülmen 1"]
[BlackTeam "TV Borken 1"]

1. c4 e6 2. g3 Nf6 3. Bg2 d5 4. Nf3 Be7 5. O-O O-O 6. d4 c6 7. b3 dxc4 8. bxc4
b6 9. Nc3 Ba6 10. Qa4 Qc7 11. Bf4 Bd6 12. Bxd6 Qxd6 13. Rfd1 Bb7 14. e4 Qc7 15.
e5 Nfd7 16. Qc2 Na6 17. a3 Rad8 18. Re1 g6 19. Rad1 Qb8 20. Qc1 Kg7 21. Re4 Rh8
22. Rh4 h6 23. Ne4 c5 24. Nd6 Bxf3 25. Qf4 f6 26. Bxf3 cxd4 27. exf6+ Nxf6 28.
Qxd4 g5 29. Re4 Nc5 30. Re3 Qc7 31. Qe5 Rd7 32. Be2 Rf8 33. Rf3 Nce4 34. Rfd3
Rfd8 35. Ne8+ Rxe8 36. Rxd7+ 1-0

[Event "SK Dülmen 1 - TV Borken 1"]
[Site "Regionalliga, Gr. 2 2022/2023"]
[Date "2022.11.05"]
[Round "3.8"]
[White "Reufer, Berthold"]
[Black "Wechsler, Björn"]
[Result "1-0"]
[WhiteElo "1621"]
[BlackElo "1409"]
[PlyCount "43"]
[EventDate "2022.??.??"]
[SourceTitle "Verband Muensterland"]
[SourceDate "2022.09.15"]
[SourceVersion "1"]
[SourceVersionDate "2022.09.15"]
[SourceQuality "1"]
[WhiteTeam "SK Dülmen 1"]
[BlackTeam "TV Borken 1"]

1. e4 e5 2. d4 exd4 3. Nf3 Nc6 4. Bc4 h6 5. O-O Bc5 6. c3 dxc3 7. Bxf7+ Kxf7 8.
Qd5+ Kf8 9. Qxc5+ d6 10. Qxc3 Qf6 11. Be3 Qxc3 12. Nxc3 Nf6 13. Rfe1 a6 14. e5
Ng4 15. exd6 Nxe3 16. Rxe3 cxd6 17. Rd1 Bf5 18. Nd4 Nxd4 19. Rxd4 Re8 20. Rf4
Rxe3 21. fxe3 g6 22. e4 1-0

[Event "SC Gronau 1 - SG Turm Raesfeld/Erle 1"]
[Site "Regionalliga, Gr. 2 2022/2023"]
[Date "2022.11.05"]
[Round "3.1"]
[White "Wilger, Frank"]
[Black "Reckzuegel, Philipp"]
[Result "1-0"]
[WhiteElo "2099"]
[BlackElo "1938"]
[PlyCount "119"]
[EventDate "2022.??.??"]
[SourceTitle "Verband Muensterland"]
[SourceDate "2022.09.15"]
[SourceVersion "1"]
[SourceVersionDate "2022.09.15"]
[SourceQuality "1"]
[WhiteTeam "SG Turm Raesfeld/Erle 1"]
[BlackTeam "SC Gronau 1"]

1. d4 Nf6 2. Nf3 e6 3. e3 d5 4. Bd3 c6 5. O-O Nbd7 6. b3 Bd6 7. Bb2 O-O 8. Nbd2
b6 9. Qe2 Bb7 10. e4 dxe4 11. Nxe4 Nxe4 12. Qxe4 Nf6 13. Qh4 Re8 14. Rad1 h6
15. c4 Qe7 16. Rfe1 Rad8 17. Bc2 Ba3 18. Ba1 Bb4 19. Re3 Nh7 20. Qg4 Qf8 21. h4
c5 22. d5 exd5 23. cxd5 Rxe3 24. fxe3 Bc8 25. Qf4 f5 26. Ne5 Nf6 27. Ng6 Qf7
28. Bxf6 Qxf6 29. h5 Bc3 30. Bxf5 Bxf5 31. Qxf5 Qxf5 32. Ne7+ Kf7 33. Nxf5 Kf6
34. Ng3 Ke5 35. Ne2 Bb4 36. Nf4 Ke4 37. Kf2 Bc3 38. Ke2 Be5 39. g3 Bxf4 40.
gxf4 Rxd5 41. Rxd5 Kxd5 42. Kf3 b5 43. e4+ Ke6 44. Ke3 Kf6 45. e5+ Kf5 46. Kd3
g6 47. hxg6 Kxg6 48. Ke4 h5 49. Kd5 h4 50. e6 h3 51. Kd6 h2 52. e7 h1=Q 53.
e8=Q+ Kg7 54. Qe5+ Kf8 55. Qxc5 Qb7 56. Qf5+ Kg7 57. Qd7+ Qxd7+ 58. Kxd7 Kf6
59. Kc6 a6 60. Kb6 1-0

[Event "SC Gronau 1 - SG Turm Raesfeld/Erle 1"]
[Site "Regionalliga, Gr. 2 2022/2023"]
[Date "2022.11.05"]
[Round "3.2"]
[White "Luetkehermoelle, Martin"]
[Black "Pollok, Ralf"]
[Result "1/2-1/2"]
[WhiteElo "1928"]
[BlackElo "2006"]
[PlyCount "83"]
[EventDate "2022.??.??"]
[SourceTitle "Verband Muensterland"]
[SourceDate "2022.09.15"]
[SourceVersion "1"]
[SourceVersionDate "2022.09.15"]
[SourceQuality "1"]
[WhiteTeam "SC Gronau 1"]
[BlackTeam "SG Turm Raesfeld/Erle 1"]

1. e4 d5 2. exd5 Qxd5 3. Nc3 Qd8 4. d4 Nf6 5. Nf3 Bg4 6. h3 Bxf3 7. Qxf3 c6 8.
Be3 e6 9. O-O-O Bb4 10. Ne4 Nxe4 11. Qxe4 Qd5 12. Qxd5 cxd5 13. Rd3 b6 14. Bf4
Ke7 15. Rg3 g6 16. Bh6 Rg8 17. h4 f6 18. Bd3 Nc6 19. c3 Bd6 20. f4 Kf7 21. Re3
Bf8 22. Bxf8 Raxf8 23. Rhe1 Nd8 24. g4 Re8 25. Rh1 f5 26. g5 Nb7 27. Kd2 Nd6
28. Reh3 h5 29. gxh6 Rh8 30. h5 Rxh6 31. hxg6+ Rxg6 32. Rh7+ Rg7 33. R1h6 Reg8
34. Be2 Ne4+ 35. Kc2 Rxh7 36. Rxh7+ Rg7 37. Rxg7+ Kxg7 38. Kd3 Kg6 39. c4 Nf2+
40. Ke3 Ne4 41. cxd5 exd5 42. Bb5 1/2-1/2

[Event "SC Gronau 1 - SG Turm Raesfeld/Erle 1"]
[Site "Regionalliga, Gr. 2 2022/2023"]
[Date "2022.11.05"]
[Round "3.4"]
[White "Langendijk, Andre"]
[Black "Gesing, Felix"]
[Result "1-0"]
[WhiteElo "1884"]
[BlackElo "2034"]
[PlyCount "69"]
[EventDate "2022.??.??"]
[SourceTitle "Verband Muensterland"]
[SourceDate "2022.09.15"]
[SourceVersion "1"]
[SourceVersionDate "2022.09.15"]
[SourceQuality "1"]
[WhiteTeam "SC Gronau 1"]
[BlackTeam "SG Turm Raesfeld/Erle 1"]

1. c4 Nf6 2. Nc3 g6 3. g3 Bg7 4. Bg2 O-O 5. Nf3 d6 6. O-O e5 7. d3 c6 8. Bg5 h6
9. Bd2 Nbd7 10. Qc1 Kh7 11. b4 Nh5 12. Rb1 f5 13. b5 c5 14. a4 Ndf6 15. Nh4 f4
16. Nd5 g5 17. Nxf6+ Nxf6 18. Nf3 Qe8 19. a5 Qh5 20. a6 Bh3 21. axb7 Rab8 22.
b6 a6 23. Qa3 Ng4 24. Qxa6 Bxg2 25. Kxg2 fxg3 26. h3 Nxf2 27. Kxg3 Nxh3 28. Qb5
Nf4 29. Bxf4 Rxf4 30. Qd7 Qg6 31. Ra1 Qf7 32. Qxf7 Rxf7 33. Nxg5+ hxg5 34. Rxf7
Kg6 35. Ra8 1-0

[Event "SC Gronau 1 - SG Turm Raesfeld/Erle 1"]
[Site "Regionalliga, Gr. 2 2022/2023"]
[Date "2022.11.05"]
[Round "3.5"]
[White "Beckmann, Klaus"]
[Black "Rothkegel, Juergen"]
[Result "1/2-1/2"]
[WhiteElo "2060"]
[BlackElo "1887"]
[PlyCount "87"]
[EventDate "2022.??.??"]
[SourceTitle "Verband Muensterland"]
[SourceDate "2022.09.15"]
[SourceVersion "1"]
[SourceVersionDate "2022.09.15"]
[SourceQuality "1"]
[WhiteTeam "SG Turm Raesfeld/Erle 1"]
[BlackTeam "SC Gronau 1"]

1. e4 c5 2. Nf3 d6 3. c3 Nf6 4. Be2 Nbd7 5. Qc2 e6 6. d4 Be7 7. O-O Qc7 8. h3
cxd4 9. Nxd4 a6 10. Be3 d5 11. Nd2 O-O 12. Bg5 h6 13. Bh4 Bd6 14. exd5 Nxd5 15.
Ne4 Bf4 16. c4 Nb4 17. Qb3 Nc6 18. Nxc6 Qxc6 19. Bf3 Qc7 20. Bg3 Bxg3 21. Nxg3
Ne5 22. Be2 Bd7 23. Rac1 Bc6 24. Qe3 Ng6 25. Bf3 Nh4 26. Bxc6 Qxc6 27. Qe4 Qxe4
28. Nxe4 Nf5 29. Rfd1 Rfd8 30. c5 Nd4 31. Kf1 e5 32. b4 a5 33. a3 axb4 34. axb4
Nb5 35. Nd6 Nxd6 36. cxd6 Rd7 37. Rc7 Rad8 38. Rd5 Rxd6 39. Rxd6 Rxd6 40. Rxb7
Rd2 41. h4 g6 42. g3 Kg7 43. b5 Kf6 44. b6 1/2-1/2

[Event "SC Gronau 1 - SG Turm Raesfeld/Erle 1"]
[Site "Regionalliga, Gr. 2 2022/2023"]
[Date "2022.11.05"]
[Round "3.6"]
[White "Reinhold, Klaus"]
[Black "Broemmel, Rudolf"]
[Result "1/2-1/2"]
[WhiteElo "1816"]
[BlackElo "1940"]
[PlyCount "49"]
[EventDate "2022.??.??"]
[SourceTitle "Verband Muensterland"]
[SourceDate "2022.09.15"]
[SourceVersion "1"]
[SourceVersionDate "2022.09.15"]
[SourceQuality "1"]
[WhiteTeam "SC Gronau 1"]
[BlackTeam "SG Turm Raesfeld/Erle 1"]

1. d4 Nc6 2. Nf3 d5 3. Bf4 e6 4. e3 Bd6 5. Bg3 Nge7 6. c4 a6 7. c5 Bxg3 8. hxg3
Ng6 9. Bd3 Nce7 10. Nc3 c6 11. Qc2 f5 12. g4 O-O 13. gxf5 exf5 14. O-O-O Rf6
15. Rh5 Nf8 16. Ne5 g6 17. Rh2 Kg7 18. f4 Ng8 19. Qf2 Re6 20. Rdh1 Re8 21. Rh4
Nf6 22. Qg3 Ng4 23. Be2 h5 24. Bxg4 fxg4 25. Qh2 1/2-1/2

[Event "SC Gronau 1 - SG Turm Raesfeld/Erle 1"]
[Site "Regionalliga, Gr. 2 2022/2023"]
[Date "2022.11.05"]
[Round "3.7"]
[White "Bergemann, Martin"]
[Black "Tsoukkerman, Boris"]
[Result "0-1"]
[WhiteElo "1909"]
[BlackElo "1847"]
[PlyCount "118"]
[EventDate "2022.??.??"]
[SourceTitle "Verband Muensterland"]
[SourceDate "2022.09.15"]
[SourceVersion "1"]
[SourceVersionDate "2022.09.15"]
[SourceQuality "1"]
[WhiteTeam "SG Turm Raesfeld/Erle 1"]
[BlackTeam "SC Gronau 1"]

1. d4 d5 2. Nf3 Nc6 3. b3 Bg4 4. Nbd2 Nf6 5. Bb2 e6 6. h3 Bxf3 7. Nxf3 Bb4+ 8.
c3 Bd6 9. b4 O-O 10. e3 Re8 11. Bb5 a6 12. Bxc6 bxc6 13. O-O Rb8 14. Ne5 Bxe5
15. dxe5 Nd7 16. f4 Nb6 17. Bc1 Nc4 18. Qe2 f6 19. e4 fxe5 20. exd5 cxd5 21.
fxe5 Rf8 22. Be3 Qh4 23. Bc5 Rfe8 24. Rad1 Qg3 25. Rde1 Qxc3 26. Qh5 g6 27. Qh4
c6 28. Re2 Rb7 29. Ref2 Qxe5 30. Bd4 g5 31. Rf8+ Rxf8 32. Rxf8+ Kxf8 33. Qh6+
Ke7 34. Qxh7+ Kf8 35. Qh6+ Ke7 36. Bxe5 Nxe5 37. Qxg5+ Kd6 38. Qd8+ Nd7 39. Qa5
Rb5 40. Qxa6 Rxb4 41. Qa3 c5 42. h4 Nf6 43. Qf3 Ng4 44. Qf8+ Ke5 45. g3 Rb1+
46. Kg2 Ne3+ 47. Kh2 Nf1+ 48. Kh3 Kd4 49. Qf2+ Ne3 50. g4 c4 51. Kg3 c3 52. h5
c2 53. Qd2+ Ke4 54. Kh4 c1=Q 55. Qxc1 Rxc1 56. h6 Kf4 57. Kh5 Nxg4 58. h7 Nf6+
59. Kg6 Nxh7 0-1

[Event "SC Gronau 1 - SG Turm Raesfeld/Erle 1"]
[Site "Regionalliga, Gr. 2 2022/2023"]
[Date "2022.11.05"]
[Round "3.8"]
[White "Baer, Klaus"]
[Black "Lewerenz, Lars"]
[Result "1/2-1/2"]
[WhiteElo "1635"]
[BlackElo "1615"]
[PlyCount "47"]
[EventDate "2022.??.??"]
[SourceTitle "Verband Muensterland"]
[SourceDate "2022.09.15"]
[SourceVersion "1"]
[SourceVersionDate "2022.09.15"]
[SourceQuality "1"]
[WhiteTeam "SC Gronau 1"]
[BlackTeam "SG Turm Raesfeld/Erle 1"]

1. d4 d6 2. Bf4 c6 3. e3 Nf6 4. Bd3 Nbd7 5. c3 g6 6. Qc2 Bg7 7. Nf3 Qc7 8. Nbd2
e5 9. dxe5 dxe5 10. Bg3 Nh5 11. e4 Nc5 12. Be2 f5 13. b4 Nxg3 14. hxg3 fxe4 15.
Nxe4 Nxe4 16. Qxe4 Bf5 17. Qc4 O-O-O 18. Ng5 Rd5 19. g4 b5 20. Qb3 Bd3 21. Ne6
Qe7 22. Nxg7 Bxe2 23. Kxe2 Qxg7 24. Rad1 1/2-1/2